Le roman comique / (Record no. 164873)

MARC details
000 -LEADER
campo de control de longitud fija 00897nam a22002415i 4500
001 - NÚMERO DE CONTROL
campo de control 164873
003 - IDENTIFICADOR DE NÚMERO DE CONTROL
campo de control ES-MaACL
005 - FECHA Y HORA DE LA ÚLTIMA TRANSACCIÓN
campo de control 20230906213026.0
008 - DATOS DE LONGITUD FIJA--INFORMACIÓN GENERAL
campo de control de longitud fija 000209s1857 fr |||| | fre d
040 ## - FUENTE DE CATALOGACIÓN
Centro catalogador/agencia de origen CCPB | B
Lengua de catalogación spa
Centro/agencia transcriptor CCPB | B
100 1# - ENTRADA PRINCIPAL--NOMBRE DE PERSONA
Nombre de persona Scarron, Paul.
9 (RLIN) 132529
245 13 - MENCIÓN DEL TÍTULO
Título Le roman comique /
Mención de responsabilidad, etc. par Scarron.
250 ## - MENCION DE EDICION
Mención de edición Nouvelle éd. rev., an. et précédée d'une introduction
Resto de la mención de edición par M. Victor Fournel.
260 ## - PUBLICACIÓN, DISTRIBUCIÓN, ETC.
Lugar de publicación, distribución, etc. A Paris :
Nombre del editor, distribuidor, etc. chez P. Jannet, libraire,
Fecha de publicación, distribución, etc. 1857.
300 ## - DESCRIPCIÓN FÍSICA
Extensión 2 v. ;
Dimensiones 17 cm.
490 1# - MENCIÓN DE SERIE
Mención de serie Bibliothèque elzevirienne
500 #1 - NOTA GENERAL
Nota general Serie tomada del lomo.
700 11 - ENTRADA AGREGADA--NOMBRE PERSONAL
Nombre de persona Fournel, Victor,
Término indicativo de función/relación
9 (RLIN) 127124
752 ## - ENTRADA AGREGADA--NOMBRE JERÁRQUICO DEL LUGAR
País o entidad superior Francia -
Ciudad París
830 0# - PUNTO DE ACCESO ADICIONAL DE SERIE-TÍTULO UNIFORME
Título uniforme Bibliothèque elzevirienne
9 (RLIN) 180979
852 ## - LOCALIZACIÓN
Ubicación ES-MaACL
Número de control de estantería G-2353-2354
Nota libre -- Enc. ed. en tela roja con hierros dorados
Encuadernación -- Edic.: añadir en T260 (imprimé par Guiraudet et Jouaust)
Holdings
Estatus retirado Estado de pérdida Estado de daño No para préstamo Colección Biblioteca de origen Biblioteca actual Ubicación en estantería Fecha de adquisición Fuente de adquisición Total de préstamos Signatura topográfica completa Código de barras Visto por última vez Precio de reemplazo Tipo de ítem Koha
        Libros del s. XIX Biblioteca del Ateneo de Madrid Biblioteca del Ateneo de Madrid Depósito 2 17/01/2008     G-2353-2354 1172835 23/02/2023 23/02/2023 Libro impreso antiguo